Countries with Territory in the Arabian Peninsula - Map Quiz - Statistics

General Stats
  • This quiz has been taken 263 times
  • The average score is 8 of 9
Answers on the Map
Answers color-coded by a green-red scale on the quiz's map according to % correct below.
 
Answer Stats
Answer % Correct
Saudi Arabia
95%
United Arab Emirates
91%
Iraq
90%
Oman
90%
Yemen
90%
Kuwait
88%
Jordan
87%
Bahrain
85%
Qatar
85%
No matching quizzes found
Score Distribution
Percent of People with Each Score
Percentile by Number Answered
Your Score History
You have not taken this quiz